| 000 | 00428pab a2200157 454500 | ||
|---|---|---|---|
| 008 | 180718b2015 xxu||||| |||| 00| 0 eng d | ||
| 100 | _aMahakud, Gopal Chandra | ||
| 245 | _aCareer interest among government and private school adolescents | ||
| 260 | _c2015 | ||
| 300 | _ap.87-97. | ||
| 362 | _aApr-Jun | ||
| 650 | _aCareer development | ||
| 650 | _aYouth | ||
| 773 | _aIndian Journal of Adult Education | ||
| 909 | _a110743 | ||
| 999 |
_c110738 _d110738 |
||